| 000 | | | 03854nmc2a22002771x 450 |
| 001 | | | ce2ce2fe-7eec-44aa-a40f-802ea2a32b4f |
| 005 | | | 20131123234005.0 |
| 100 | ## | $a | 20130717l19061916k y0rusy50 ca |
| 101 | 0# | $a | rus |
| 102 | ## | $a | RU |
| 105 | ## | $a | y z ||||| |
| 200 | 1# | $a | Игнатьев А. П. |
| | $j | 1905-1916 |
| 215 | ## | $a | 29 листов |
| | $c | марки |
| 251 | ## | $c | Дело |
| 300 | ## | $a | Заголовок дела на папке: Письма Игнатьева А. П. Никольскому Б. В. |
| 300 | ## | $a | Листы - 3, 7, 10, 17, 24 (марка), 27 (2 марки): конверты |
| 300 | ## | $a | Рукописный текст |
| 330 | ## | $a | А. Переписка; 1. Письма к Б. В. Никольскому; (Геерлингер И., Мичерлинг А. А.) см. № 495 |
| 461 | #0 | $1 | 0011c5950b4-9b17-43ad-92f1-e565a07ae223 |
| | $1 | 2001 |
| | $a | Никольский Борис Владимирович, историк права, профессор Юрьевского и Петербургского университетов, один из руководителей главного совета "Русского собрания", поэт, критик |
| | $1 | 251 |
| | $c | Фонд |
| | $1 | 852 |
| | $j | 588 |
| 462 | #0 | $1 | 001855f2cb0-80f8-42f6-88fa-41bf4837b2b7 |
| | $1 | 2001 |
| | $a | Никольский Борис Владимирович. 1837-1919 гг. |
| | $1 | 251 |
| | $c | Опись |
| | $1 | 852 |
| | $j | 1 |
| 517 | ## | $a | Письма Игнатьева А. П. Никольскому Б. В. |
| 600 | #1 | $a | Никольский |
| | $b | Б. В. |
| | $g | Борис Владимирович |
| 600 | #1 | $a | Игнатьев |
| | $b | А. П. |
| 801 | #0 | $a | RU |
| | $b | GA_RF |
| 801 | #1 | $a | RU |
| | $b | НПО Опыт |
| | $c | 20130717 |
| | $2 | rusmarc |
| 801 | #2 | $a | RU |
| | $b | ПБ им. Б.Н. Ельцина |
| | $c | 20131123 |
| | $g | RCR |
| | $2 | rusmarc |
| 852 | ## | $a | ГА РФ |
| | $j | 323 |
| 937 | ## | $d | 42015343 |
| | $h | ПБ |
| 035 | ## | $a | RuPRLIB51009532 |